Culture Générale - Série 1556 - Statistiques

Statistiques générales
  • Ce quiz a été pris 125 fois
  • Le résultat moyen est 6 sur 10
Statistiques - réponses
Question Réponse % Correct
D'après la tradition, combien de personnes redoute-t-on d'être à table par peur d'attirer le malheur ? 13
97%
Quel chapeau au large bord, doit son nom au mot espagnol signifiant : "ombre" ? sombrero
96%
Quel club de football Bernard Tapie présida-t-il entre 1986 et 1994 ? Olympique de Marseille
92%
Selon les paroles de la chanson "La Vie par procuration", "elle met du vieux pain sur son balcon pour attirer les moineaux, les... pigeons
77%
Quelle était la profession d'Auguste Escoffier, qui a dédié une de ses créations à la cantatrice Nellie Melba ? cuisinier
62%
En 1936, à qui doit-on le roman : "Autant en emporte le vent" ? Margaret Mitchell
46%
De quelle ville de l'Yonne, les Vézeliens sont-ils les habitants ? Vézelay
43%
Dans quel film de 1993, Harrison Ford doit-il échapper à Tommy Lee Jones pour prouver son innocence ? Le Fugitif
35%
Quel est le véritable nom du fameux “pont d'Avignon”, évoqué dans la chanson enfantine ? Pont Saint Bénezet
17%
Quel est le prénom du peintre russe Kandinsky ? Vassily
17%
Aucun quiz correspondant
Distribution des résultats
% des personnes avec chaque résultat
Percentile par nombre de réponses
Votre historique - résultats
Vous n’avez pas pris ce quiz